[Event "AUTO-ADV-4904"]
[Site "http://www.queenalice.com/game.php?id=1865730"]
[Date "2025.11.18"]
[Round "1"]
[White "maurice916"]
[Black "SGF"]
[Result "1-0"]
[WhiteElo "1840"]
[BlackElo "1821"]

1. Nf3 f6 2. e4 e5 3. Nxe5 fxe5 4. Qh5+ g6 5. Qxe5+ Qe7 6. Qxh8 Qxe4+ 7. Be2
Qxg2 8. Rf1 Qc6 9. Nc3 Nf6 10. d3 d5 11. Bg5 Nbd7 12. O-O-O Kf7 13. Bf3 Nb6 14.
Bxf6 Qxf6 15. Qxf6+ Kxf6 16. Bxd5 Nxd5 17. Nxd5+ Kg5 18. f4+ Kf5 19. Nxc7 Rb8
20. Nd5 Be6 21. Ne3+ Kf6 22. a3 b5 23. Rg1 Bc5 24. Rde1 a5 25. Rg3 h5 26. c3
Bxe3+ 27. Rgxe3 Bf7 28. Re5 h4 29. Rc5 a4 30. Ree5 h3 31. Rxb5 Rxb5 32. Rxb5 Be8
33. Rb6+ Kf5 34. Kd2 Kxf4 35. Rf6+ Kg5 36. Re6 Bf7 37. Re3 Kg4 38. Re4+ Kf3 39.
Rxa4 Kg2 40. Rf4 Be8 41. Rf8 Bd7 42. Rf7 Be8 43. Re7 Bb5 44. Re2+ Kg1 45. c4 Bc6
46. d4 Bg2 47. d5 Kxh2 48. d6 Kg3 49. d7 h2 50. d8=Q h1=Q 51. Qg5+ Kf3 52. Re3+
Kf2 53. Qg3+ Kg1 54. Re1# 1-0

[Event "AUTO-ADV-4904"]
[Site "http://www.queenalice.com/game.php?id=1865731"]
[Date "2025.11.18"]
[Round "1"]
[White "SGF"]
[Black "maurice916"]
[Result "1-0"]
[WhiteElo "1731"]
[BlackElo "1871"]

1. e4 c6 2. Qf3 e5 3. Bc4 Nf6 4. g4 d5 5. exd5 cxd5 6. Bb5+ Bd7 7. Bxd7+ Nbxd7
8. d3 h6 9. g5 hxg5 10. Ne2 g4 11. Qg3 Rh3 12. Qg2 Bd6 13. Bg5 e4 14. dxe4 dxe4
15. Nd2 Qa5 16. Bxf6 Nxf6 17. a3 Qe5 18. Nc4 Rxh2 19. Nxd6+ Qxd6 20. Rxh2 e3 21.
Rh8+ Ke7 22. Qxb7+ Nd7 23. Qe4+ Ne5 24. Rxa8 Qd2+ 25. Kf1 Kf6 26. fxe3 Qxc2 27.
Qxc2 1-0

[Event "AUTO-ADV-4904"]
[Site "http://www.queenalice.com/game.php?id=1865742"]
[Date "2025.11.18"]
[Round "1"]
[White "SGF"]
[Black "game"]
[Result "0-1"]
[WhiteElo "1736"]
[BlackElo "1508"]

1. e4 d6 2. Qf3 Nh6 3. h3 e5 4. d3 Nc6 5. c3 b5 6. Bxh6 gxh6 7. g4 b4 8. Ne2 Bg7
9. Nd2 a5 10. cxb4 Nd4 11. Nxd4 exd4 12. h4 axb4 13. a4 O-O 14. Nc4 Re8 15. e5
Be6 16. b3 dxe5 17. a5 Bxc4 18. dxc4 e4 19. Qf4 d3 20. Kd2 Bxa1 21. Bh3 Bc3+ 22.
Kd1 Rxa5 23. Qc1 Ra1 24. Qxa1 Bxa1 25. Kd2 Bc3+ 26. Ke3 Qd4+ 27. Kf4 e3+ 28. Kf3
Qe4+ 29. Kg3 Qxh1 30. fxe3 d2 31. Bg2 Qe1+ 32. Kh3 d1=Q 33. h5 Rxe3+ 34. Kh2
Be5# 0-1

[Event "AUTO-ADV-4904"]
[Site "http://www.queenalice.com/game.php?id=1865743"]
[Date "2025.11.18"]
[Round "1"]
[White "game"]
[Black "SGF"]
[Result "0-1"]
[WhiteElo "1523"]
[BlackElo "1757"]

1. e4 e5 2. Nf3 Qf6 3. Bc4 d6 4. d3 Be7 5. Bg5 Qg6 6. Nh4 Qxg5 7. Qf3 h5 8.
Qxf7+ Kd8 9. Bb5 c6 10. Ng6 Rh7 11. Qxg8+ Kd7 12. Qxh7 cxb5 13. Qxg7 Qc1+ 14.
Ke2 Qxh1 15. Qxe7+ Kc6 16. Qe8+ Bd7 17. Qd8 Qxg2 18. Ne7+ Kc5 19. Qc7+ Bc6 20.
Nc3 Qg4+ 21. f3 Qd7 22. b4+ Kxb4 23. Ncd5+ Bxd5 24. a3+ Ka4 25. Qxd7 Nxd7 26.
Nxd5 Rg8 27. Kd2 Rg2+ 28. Kc3 Rxh2 29. Kb2 Nc5 30. Kc3 h4 31. d4 exd4+ 32. Kxd4
Rxc2 33. Nb4 Nb3+ 34. Kd5 Rd2+ 35. Ke6 Nxa1 36. Nd5 h3 37. Ne3 Kxa3 38. Nf1 Rf2
39. Ng3 Rxf3 40. Nh1 b4 41. Kd5 b3 42. Kxd6 b2 43. e5 b1=Q 44. e6 Rd3+ 45. Ke5
Qxh1 46. e7 Qd5+ 47. Kf6 Qd6+ 48. Kf7 Qd7 49. Kf8 Rf3+ 0-1

[Event "AUTO-INT-3952"]
[Site "http://www.queenalice.com/game.php?id=1865807"]
[Date "2025.11.19"]
[Round "1"]
[White "SGF"]
[Black "game"]
[Result "1-0"]
[WhiteElo "1711"]
[BlackElo "1533"]

1. e4 d6 2. Qf3 Nh6 3. h3 e5 4. d3 b5 5. b4 g6 6. Bxh6 Bxh6 7. g4 Nc6 8. a3 Nd4
9. Qd1 f5 10. gxf5 gxf5 11. Qh5+ Kd7 12. Qxh6 Nxc2+ 13. Kd2 Nxa1 14. exf5 Nb3+
15. Kc3 Bb7 16. Qe6+ Kc6 17. Bg2+ Kb6 18. Bxb7 Kxb7 19. Kxb3 Qg5 20. Nf3 Qg2 21.
Qd5+ Kc8 22. Qxa8+ Kd7 23. Nxe5+ Ke7 24. Qxg2 dxe5 25. Qg7+ 1-0

[Event "AUTO-INT-3952"]
[Site "http://www.queenalice.com/game.php?id=1865808"]
[Date "2025.11.19"]
[Round "1"]
[White "game"]
[Black "SGF"]
[Result "0-1"]
[WhiteElo "1533"]
[BlackElo "1750"]

1. e4 e5 2. Nf3 Qf6 3. Bc4 c6 4. d4 d6 5. Ng5 Be6 6. dxe5 Qxe5 7. Bxe6 fxe6 8.
Qf3 Nf6 9. Qb3 Nxe4 10. Qxb7 Nc5+ 11. Be3 Nxb7 12. Nc3 d5 13. O-O-O Bb4 14. Nf3
O-O 15. Nxe5 a5 16. Na4 Rf5 17. Nb6 Ra6 18. Bd4 Bc5 19. Rhe1 Bxb6 20. c3 Bxd4
21. cxd4 Rxf2 22. Rd2 Rxd2 23. Kxd2 Nd6 24. g4 a4 25. a3 Nc4+ 26. Nxc4 dxc4 27.
Rxe6 Kf7 28. d5 Rb6 29. Kc3 Rb3+ 30. Kxc4 cxd5+ 31. Kxd5 Rxb2 32. Re5 Rd2+ 33.
Ke4 Re2+ 34. Kf5 g6+ 35. Kf4 Rxh2 36. Ra5 Rh4 37. Rxa4 h5 38. Kg3 Rxg4+ 0-1

[Event "AUTO-INT-3952"]
[Site "http://www.queenalice.com/game.php?id=1865809"]
[Date "2025.11.19"]
[Round "1"]
[White "SGF"]
[Black "tche_elvio"]
[Result "1-0"]
[WhiteElo "1805"]
[BlackElo "1496"]

1. e4 c5 2. Qf3 Nc6 3. c3 g6 4. Bc4 Bg7 5. d3 e6 6. h4 h5 7. Bg5 Nge7 8. Bxe7
Qxe7 9. a4 O-O 10. Nd2 Ne5 11. Qg3 Nxc4 12. Nxc4 b6 13. Nd6 Qxd6 14. Qxd6 Kh7
15. Nf3 Re8 16. Ng5+ Kg8 17. a5 f6 18. Nf3 Bb7 19. axb6 axb6 20. Rxa8 Bxa8 21.
Qxd7 Kf8 22. Qd6+ Kg8 23. Qxb6 e5 24. Qxc5 Bf8 25. Qc4+ Kg7 26. O-O Be7 27. Ra1
Rd8 28. Qc7 Kf7 29. Ra7 Rxd3 30. Qxe7+ 1-0

[Event "AUTO-OPEN-4625"]
[Site "http://www.queenalice.com/game.php?id=1865880"]
[Date "2025.11.20"]
[Round "1"]
[White "SGF"]
[Black "BeatifulDevil56"]
[Result "0-1"]
[WhiteElo "1771"]
[BlackElo "2143"]

1. e4 e6 2. Qf3 Qf6 3. d3 d5 4. Be2 Qxf3 5. Nxf3 dxe4 6. dxe4 Bd6 7. e5 Bc5 8.
a3 Nc6 9. Bb5 Bd7 10. b4 Bb6 11. Nc3 a6 12. Bxc6 Bxc6 13. O-O Bxf3 14. gxf3
O-O-O 15. Bg5 Rd7 16. a4 a5 17. b5 Bd4 18. Ne4 Bxa1 19. Rxa1 h6 20. Be3 b6 21.
c4 Ne7 22. c5 Nd5 23. c6 Rdd8 24. Kg2 Nxe3+ 25. fxe3 Rd5 26. f4 Rf8 27. Kg3 Rfd8
28. Kf3 Rd1 29. Nd6+ R8xd6 30. exd6 Rxa1 31. d7+ Kd8 32. Ke4 f6 33. f5 Rxa4+ 34.
Kd3 exf5 35. h3 Rb4 36. h4 Rxb5 37. Kc4 a4 38. Kxb5 a3 39. Ka6 a2 40. Kb7 b5 41.
Kb8 a1=Q 42. Kb7 Qa5 43. Kb8 Qb6+ 44. Ka8 Qxc6+ 45. Kb8 Qb6+ 46. Ka8 Kxd7 47. e4
Kc8 48. exf5 Qb7# 0-1

[Event "AUTO-OPEN-4625"]
[Site "http://www.queenalice.com/game.php?id=1865903"]
[Date "2025.11.20"]
[Round "1"]
[White "SGF"]
[Black "Pipo712"]
[Result "0-1"]
[WhiteElo "1769"]
[BlackElo "2017"]

1. e4 c5 2. Bc4 Nc6 3. c3 Nf6 4. Qf3 Ne5 5. Qe2 Nxc4 6. Qxc4 d6 7. f3 e6 8. d3
a6 9. a4 b6 10. Bg5 Be7 11. Bxf6 Bxf6 12. g4 Bh4+ 13. Ke2 Bb7 14. Nd2 d5 15.
exd5 exd5 16. Qf4 O-O 17. Nh3 g5 18. Qf5 Bc8 19. Qe5 Re8 20. Qxe8+ Qxe8+ 21. Kd1
Qe3 22. Kc2 f5 23. Ng1 fxg4 24. fxg4 Bxg4 25. h3 Bf5 26. Ndf3 Qxd3+ 27. Kb3 Be4
28. Ne5 Qc2+ 29. Ka2 Bxh1 30. Ka3 c4 31. Ngf3 Qb3# 0-1

[Event "AUTO-OPEN-4625"]
[Site "http://www.queenalice.com/game.php?id=1865904"]
[Date "2025.11.20"]
[Round "1"]
[White "Pipo712"]
[Black "SGF"]
[Result "1-0"]
[WhiteElo "2040"]
[BlackElo "1763"]

1. e4 e5 2. Nf3 Qf6 3. Nc3 c6 4. d4 d6 5. h3 h5 6. Bc4 Qe7 7. a4 a6 8. a5 b5 9.
axb6 f6 10. dxe5 fxe5 11. Ng5 Nh6 12. Qxh5+ Kd8 13. Nf7+ Nxf7 14. Qxf7 Qxf7 15.
Bxf7 Nd7 16. Na4 Rb8 17. Bd2 Nxb6 18. Nxb6 Ke7 19. Nxc8+ Rxc8 20. Bc4 Rb8 21. b3
Ra8 22. O-O Kf6 23. Bxa6 c5 24. Bb7 Rxa1 25. Rxa1 Be7 26. Ra8 Rxa8 27. Bxa8 g5
28. g3 Bd8 29. Kg2 Ke6 30. Kf3 Kf6 31. Kg4 Kg6 32. f4 exf4 33. gxf4 gxf4 34.
Bxf4 Be7 35. h4 Bd8 36. Bxd6 Bb6 37. e5 Kf7 38. Kf5 Ba7 39. e6+ Ke8 40. Bc6+ Kd8
41. e7+ Kc8 42. e8=Q# 1-0

[Event "AUTO-OPEN-4625"]
[Site "http://www.queenalice.com/game.php?id=1865905"]
[Date "2025.11.20"]
[Round "1"]
[White "SGF"]
[Black "maurice916"]
[Result "0-1"]
[WhiteElo "1817"]
[BlackElo "1862"]

1. e4 c6 2. Qf3 e5 3. Bc4 Nf6 4. d3 d5 5. exd5 cxd5 6. Bb5+ Bd7 7. Bxd7+ Nbxd7
8. Bg5 Nb6 9. b3 Be7 10. g4 Qd7 11. h4 Qxg4 12. Bxf6 Qxf3 13. Nxf3 Bxf6 14. Nc3
e4 15. O-O-O Bxc3 16. Ng5 h6 17. Nh3 O-O-O 18. Nf4 exd3 19. Rxd3 d4 20. Ne2 Bb4
21. Nxd4 Bc5 22. c3 Bxd4 23. Rxd4 Rxd4 24. cxd4 Nd5 25. a4 Kd7 26. Kc2 Rc8+ 27.
Kb2 g6 28. h5 g5 29. Ka3 f5 30. Re1 Re8 31. Rxe8 Kxe8 32. b4 f4 33. b5 Kd7 34.
Kb3 b6 35. Kc4 Kd6 36. f3 Ne3+ 37. Kd3 Kd5 38. Kc3 Nf5 39. Kb4 Nxd4 40. a5 Nxf3
41. axb6 axb6 42. Ka4 Kd4 43. Kb4 g4 44. Ka4 g3 45. Kb3 g2 46. Kb4 g1=Q 47. Kb3
Qe3+ 48. Kb4 Ne5 49. Ka4 Nc4 50. Kb4 Qa3# 0-1

[Event "AUTO-OPEN-4625"]
[Site "http://www.queenalice.com/game.php?id=1865906"]
[Date "2025.11.20"]
[Round "1"]
[White "maurice916"]
[Black "SGF"]
[Result "1-0"]
[WhiteElo "1835"]
[BlackElo "1775"]

1. Nf3 f6 2. b3 c6 3. Bb2 e5 4. d3 Qa5+ 5. c3 g5 6. h3 h5 7. e4 h4 8. Be2 Bc5 9.
Nxe5 fxe5 10. Bh5+ Rxh5 11. Qxh5+ Kf8 12. Qxg5 Qb6 13. O-O d6 14. Nd2 Bd7 15.
Nf3 Na6 16. d4 exd4 17. cxd4 Bb4 18. d5 Ne7 19. Qg7+ Ke8 20. Bf6 Kd8 21. dxc6
bxc6 22. Qxe7+ Kc7 23. e5 d5 24. Qh7 Nc5 25. Rac1 Re8 26. Nd4 Kb7 27. Rxc5 Qc7
28. Rcc1 c5 29. e6 Bxe6 30. Qxc7+ Kxc7 31. Nxe6+ Rxe6 32. Bxh4 Re2 33. Bg3+ Kc6
34. f3 Rxa2 35. Ra1 Rxa1 36. Rxa1 a5 37. Be5 d4 38. h4 d3 39. h5 Kd5 40. Bg7 c4
41. bxc4+ Kxc4 42. h6 Bc3 43. Bxc3 Kxc3 44. Rxa5 d2 45. Rd5 Kc2 46. h7 d1=Q+ 47.
Rxd1 Kxd1 48. h8=Q Ke1 49. f4 Ke2 50. f5 Ke3 51. f6 Kf4 52. f7 Ke3 53. Qe5+ Kd3
54. f8=Q Kd2 55. Qfd6+ Kc2 56. Qec5+ Kb3 57. Qdb6+ Ka4 58. Qcb4# 1-0

[Event "AUTO-ADV-4905"]
[Site "http://www.queenalice.com/game.php?id=1865981"]
[Date "2025.11.22"]
[Round "1"]
[White "bdpq"]
[Black "SGF"]
[Result "0-1"]
[WhiteElo "1625"]
[BlackElo "1769"]

1. e4 e5 2. d4 Qf6 3. d5 d6 4. Be3 h6 5. Nc3 h5 6. Qf3 a6 7. O-O-O Bg4 8. Qxf6
Nxf6 9. Re1 b5 10. f3 Bd7 11. Bd3 b4 12. Bd2 bxc3 13. Bxc3 Bb5 14. Nh3 Bxd3 15.
cxd3 a5 16. Re3 h4 17. f4 Nbd7 18. fxe5 dxe5 19. Ng5 Ng4 20. Rf3 f6 21. Ne6 Ra7
22. Nxc7+ Rxc7 23. h3 Nh6 24. a4 Bb4 25. d4 exd4 26. Kd1 dxc3 27. bxc3 Bxc3 28.
Ke2 Ne5 29. Re3 O-O 30. Rc1 Rfc8 31. Rd1 Bb4 32. d6 Bxd6 33. Ke1 Bb4+ 34. Kf1
Nc4 35. Rf3 Nd2+ 36. Kf2 Nxf3 37. gxf3 Rc2+ 38. Ke3 Bd2+ 39. Rxd2 Rxd2 40. Kf4
Rc4 0-1

[Event "AUTO-ADV-4905"]
[Site "http://www.queenalice.com/game.php?id=1865995"]
[Date "2025.11.22"]
[Round "1"]
[White "SGF"]
[Black "Capixaba789"]
[Result "1/2-1/2"]
[WhiteElo "1806"]
[BlackElo "1792"]

1. e4 e5 2. Qf3 Nc6 3. c3 d6 4. h3 Be6 5. d3 Be7 6. Be2 Nf6 7. Qg3 Qd7 8. Bf3 h6
9. b4 a6 10. Qxg7 O-O-O 11. Qg3 Rdg8 12. Qh2 h5 13. a4 a5 14. b5 Na7 15. c4 b6
16. Nc3 h4 17. Nge2 c5 18. O-O Bxh3 19. Nd5 Nxd5 20. exd5 Bf5 21. Be4 Bxe4 22.
dxe4 f5 23. Qh3 f4 24. Qxd7+ Kxd7 25. Kh2 Bg5 26. Kh3 Nc8 27. f3 Ne7 28. Bd2 Rh7
29. Rfb1 Rhg7 30. g4 hxg3 31. Kg2 Ng6 32. Bxa5 bxa5 33. b6 Rb8 34. Rb5 Rh7 35.
Rab1 Rh2+ 36. Kf1 Nh4 37. Rxa5 Nxf3 38. Nxg3 Nd2+ 39. Kg1 Nxb1 40. Kxh2 Rxb6 41.
Ra7+ Ke8 42. Nf5 Rb2+ 43. Kh3 Rb3+ 44. Kg4 Bd8 45. Nxd6+ Kf8 46. Ra8 Ke7 47.
Nf5+ Kd7 48. Ra7+ Kc8 49. Nd6+ Kb8 50. Rh7 Rg3+ 51. Kf5 Rg5+ 52. Ke6 f3 53. Rb7+
Ka8 54. Rxb1 f2 55. Rf1 Rg2 56. Kxe5 Bh4 57. Nf5 Rg1 58. Ne3 Rg5+ 59. Kd6 Rg8
60. Nf5 Rg1 61. Ne3 Rg3 62. Nf5 Rg1 63. Ne3 Rg3 64. Nd1 Rg1 65. Ne3 Rg3 66. Nf5
Rg1 67. Ne3 1/2-1/2

[Event "AUTO-ADV-4905"]
[Site "http://www.queenalice.com/game.php?id=1865996"]
[Date "2025.11.22"]
[Round "1"]
[White "Capixaba789"]
[Black "SGF"]
[Result "0-1"]
[WhiteElo "1835"]
[BlackElo "1788"]

1. d4 e6 2. e4 Qf6 3. c4 Bb4+ 4. Nc3 d6 5. f4 c5 6. d5 e5 7. Nf3 exf4 8. Bd2 Bg4
9. Qe2 h5 10. a3 Bxc3 11. Bxc3 Qg6 12. e5 dxe5 13. Qxe5+ Ne7 14. d6 Nc6 15. Qxf4
Qe6+ 16. Be2 Nf5 17. O-O-O Qe3+ 18. Qxe3+ Nxe3 19. Rdg1 f6 20. h3 Bd7 21. Nh4
O-O-O 22. Ng6 Rh6 23. Nf4 f5 24. Bxg7 Rxd6 25. Bxh5 Nxc4 26. Bf3 a5 27. Bc3 Ne3
28. Bxc6 Bxc6 29. Bxa5 R8d7 30. Bb6 Nd5 31. Nxd5 Bxd5 32. Bxc5 Rc6 33. b4 b6 34.
h4 bxc5 35. bxc5 Rxc5+ 36. Kb2 Rb5+ 37. Kc1 Rc5+ 38. Kb2 Rb7+ 39. Ka1 Ra7 40.
Rh3 Rc2 41. Rd1 Ra2+ 42. Kb1 Rb7+ 43. Kc1 Ra1+ 44. Kd2 Rb2+ 45. Ke1 Rxg2 46.
Rxa1 Rg1+ 47. Kf2 Rxa1 48. h5 Bg8 49. h6 Ra2+ 50. Kg1 Kd7 51. h7 Bxh7 52. Rxh7+
Ke6 53. Rh3 Ke5 54. Rb3 f4 55. Rc3 Kd4 56. Rf3 Ke4 57. Rb3 f3 58. Rb4+ Ke3 59.
a4 f2+ 0-1

[Event "AUTO-ADV-4905"]
[Site "http://www.queenalice.com/game.php?id=1865997"]
[Date "2025.11.22"]
[Round "1"]
[White "SGF"]
[Black "Connor"]
[Result "1-0"]
[WhiteElo "1746"]
[BlackElo "1918"]

1. e4 e5 2. Qf3 Nf6 3. d3 Be7 4. Be2 d6 5. Qg3 g6 6. h4 h5 7. Bg5 Nbd7 8. Nc3 c6
9. b4 a6 10. a4 Rb8 11. a5 Qc7 12. Nh3 b6 13. axb6 Rxb6 14. Rb1 Qb7 15. Na2 a5
16. c3 axb4 17. cxb4 c5 18. Be3 Rb5 19. O-O cxb4 20. d4 Ra5 21. Rxb4 Nxe4 22.
Rxb7 Nxg3 23. fxg3 Rxa2 24. Rc7 Rxe2 25. Rxc8+ Bd8 26. Bg5 f6 27. Bxf6 Nxf6 28.
dxe5 dxe5 29. Rxf6 Kd7 30. Rfc6 Rf8 31. Rc1 Re1+ 32. Rxe1 Kxc8 33. Rxe5 Bc7 34.
Rc5 Kd7 35. Nf4 Bxf4 36. gxf4 Rxf4 37. Rg5 Rg4 38. Rxg4 hxg4 39. Kf2 Ke6 40. Ke3
Ke5 41. g3 1-0

[Event "AUTO-ADV-4905"]
[Site "http://www.queenalice.com/game.php?id=1865998"]
[Date "2025.11.22"]
[Round "1"]
[White "Connor"]
[Black "SGF"]
[Result "1-0"]
[WhiteElo "1908"]
[BlackElo "1762"]

1. d4 e6 2. c4 Bb4+ 3. Bd2 Bxd2+ 4. Nxd2 Qf6 5. Ngf3 d6 6. e3 Ne7 7. Bd3 h5 8.
Ne4 Qh6 9. Nc3 c6 10. h3 h4 11. a3 a5 12. Ne4 Kd7 13. Neg5 Rf8 14. Ne4 d5 15.
cxd5 cxd5 16. Nc5+ Kc7 17. b4 b6 18. Na4 f6 19. bxa5 Rxa5 20. Rc1+ Nbc6 21. Qb3
Kd6 22. Nxb6 g5 23. Bb5 Bb7 24. Bxc6 Bxc6 25. Qb4+ Kc7 26. Qxa5 Kd6 27. Qb4+ Kc7
28. Qxe7+ Kxb6 29. Qxe6 Kc7 30. Qxc6+ Kd8 31. Qxd5+ Ke7 32. Rc7+ Ke8 33. Qe6+
Kd8 34. Qd7# 1-0

[Event "AUTO-OPEN-4627"]
[Site "http://www.queenalice.com/game.php?id=1866273"]
[Date "2025.11.28"]
[Round "1"]
[White "cerenzo72"]
[Black "SGF"]
[Result "1-0"]
[WhiteElo "2144"]
[BlackElo "1777"]

1. c4 e5 2. Nc3 c6 3. e3 Qf6 4. Nf3 d6 5. d4 Be7 6. dxe5 dxe5 7. e4 h6 8. b3 a5
9. Bb2 Bd6 10. Na4 Bg4 11. Be2 Nd7 12. Qd3 Bb4+ 13. Nc3 Nc5 14. Qe3 b6 15. a3
Nxb3 16. Rd1 Bc5 17. Qd3 h5 18. Na4 Nd4 19. Bxd4 exd4 20. Nxc5 bxc5 21. e5 Qe6
22. O-O Bxf3 23. Bxf3 g5 24. Qe4 f5 25. Qxc6+ Qxc6 26. Bxc6+ Ke7 27. Bxa8 Ke6
28. Rfe1 Ne7 29. Bb7 Ng6 30. g3 h4 31. Rb1 hxg3 32. hxg3 g4 33. Rb5 Nxe5 34.
Rxc5 Kd6 35. Rexe5 d3 36. Red5+ Ke6 37. Rxd3 Rb8 38. Bc8+ Kf6 39. Rxf5+ Kg6 40.
Rd6+ Kg7 41. Rc5 Rb1+ 42. Kg2 a4 43. Rc7+ Kf8 44. Rd8# 1-0

[Event "AUTO-OPEN-4627"]
[Site "http://www.queenalice.com/game.php?id=1866274"]
[Date "2025.11.28"]
[Round "1"]
[White "SGF"]
[Black "cerenzo72"]
[Result "0-1"]
[WhiteElo "1800"]
[BlackElo "2159"]

1. e4 e5 2. Qf3 Nc6 3. c3 Nf6 4. d3 h6 5. Be2 Bc5 6. Qg3 g5 7. h4 gxh4 8. Rxh4
d5 9. Bxh6 dxe4 10. Bg7 Rxh4 11. Qxh4 Be7 12. dxe4 Be6 13. Bb5 Kd7 14. Bxc6+
Kxc6 15. Nd2 b6 16. Qh2 Qd6 17. f3 Rd8 18. g4 Qc5 19. O-O-O Bxa2 20. Bxf6 Bxf6
21. Qh6 Rd6 22. g5 Be7 23. Qh4 Qe3 24. b4 Qxc3# 0-1

[Event "AUTO-OPEN-4627"]
[Site "http://www.queenalice.com/game.php?id=1866293"]
[Date "2025.11.28"]
[Round "1"]
[White "josebaron"]
[Black "SGF"]
[Result "1-0"]
[WhiteElo "2193"]
[BlackElo "1779"]

1. e4 e5 2. Nf3 Qf6 3. Nc3 c6 4. Bc4 d6 5. h3 Be7 6. d4 Qg6 7. dxe5 b5 8. exd6
Bxd6 9. e5 Bb4 10. Bd3 Qxg2 11. Rg1 Qxh3 12. Rxg7 Bg4 13. Be2 Bxf3 14. Bxf3 Qe6
15. Rg4 Qxe5+ 16. Re4 Bxc3+ 17. bxc3 Qxe4+ 18. Bxe4 Nf6 19. Bg5 Nbd7 20. Bxc6
O-O-O 21. Bxf6 Nxf6 22. Qf3 Rd6 23. Bxb5 Re6+ 24. Kf1 h5 25. Qa8+ Kc7 26. Qxa7+
Kd6 27. Rd1+ Nd5 28. Qd7+ Ke5 29. Qxd5+ Kf6 30. Qf3+ Ke7 31. Rd7+ Kf8 32. Qxf7#
1-0

[Event "AUTO-OPEN-4627"]
[Site "http://www.queenalice.com/game.php?id=1866294"]
[Date "2025.11.28"]
[Round "1"]
[White "SGF"]
[Black "josebaron"]
[Result "0-1"]
[WhiteElo "1759"]
[BlackElo "2195"]

1. e4 e5 2. Qf3 Nf6 3. d3 Nc6 4. c3 Bc5 5. Be2 d6 6. Qg3 O-O 7. Bh6 Ne8 8. h4
Kh8 9. Bg5 f6 10. Bd2 d5 11. h5 f5 12. h6 g6 13. exf5 Rxf5 14. Nf3 e4 15. dxe4
dxe4 16. Bg5 Nf6 17. Bxf6+ Rxf6 18. Ng5 Bxf2+ 19. Qxf2 Rxf2 20. Kxf2 Qxg5 21. g3
e3+ 22. Kg2 Bg4 23. Bxg4 Qxg4 24. Na3 Qe2+ 25. Kh3 Qxb2 26. Nc4 Qxc3 27. Rhc1
Qd3 28. a4 e2 29. Nb2 Qd2 30. Rab1 Rf8 31. Nc4 Qxh6+ 32. Kg2 Nb4 33. Re1 Qh5 34.
Ne3 Qf3+ 35. Kh3 Qxe3 36. Rxb4 Rf2 37. Rb2 Qe6+ 38. g4 Qe3+ 39. Kh4 Rh2# 0-1

[Event "AUTO-ADV-4906"]
[Site "http://www.queenalice.com/game.php?id=1866357"]
[Date "2025.11.29"]
[Round "1"]
[White "SGF"]
[Black "Capixabba789"]
[Result "0-1"]
[WhiteElo "1803"]
[BlackElo "1929"]

1. e4 e5 2. Qf3 Nc6 3. c3 Nf6 4. d3 Be7 5. Be2 d5 6. Qg3 Be6 7. Bf3 d4 8. b4
dxc3 9. a3 Qxd3 10. Ne2 c2 11. Nbc3 Nd4 12. O-O O-O-O 13. Nd5 Nxe2+ 14. Bxe2
Qxe2 15. Nxe7+ Kb8 16. Qf3 Qxf3 17. gxf3 Rd1 18. Nd5 Nxd5 19. exd5 Bxd5 20. Bb2
Rxa1 21. Bxa1 Bxf3 22. Bxe5 Bd1 23. Bxg7 Rg8 24. Kg2 c1=Q 25. h4 Rxg7+ 26. Kh3
a6 27. a4 Bg4+ 28. Kh2 Qxf1 29. Kg3 Qg1+ 30. Kf4 Qxf2+ 31. Ke5 f6+ 32. Kd5 Rd7+
33. Kc4 Qc2# 0-1

[Event "AUTO-ADV-4906"]
[Site "http://www.queenalice.com/game.php?id=1866359"]
[Date "2025.11.29"]
[Round "1"]
[White "SGF"]
[Black "askasl159"]
[Result "0-1"]
[WhiteElo "1800"]
[BlackElo "1799"]

1. e4 e5 2. Qf3 Nf6 3. d3 h6 4. Be2 Bc5 5. Qg3 g5 6. Bf3 Nc6 7. c3 d5 8. exd5
Nxd5 9. c4 Nde7 10. a3 Nf5 11. Bxc6+ Bd7 12. Qxe5+ Qe7 13. Bxd7+ Kxd7 14. Qxe7+
Bxe7 15. Nf3 Bf6 16. Nc3 Rae8+ 17. Be3 g4 18. Nd2 Nxe3 19. fxe3 Rxe3+ 20. Kf2
Rxd3 21. Rhd1 Kc6 22. Nd5 Bd4+ 23. Kf1 Bc5 24. b4 Bd4 25. Nf4 Re3 26. c5 b6 27.
cxb6 axb6 28. Rac1+ Kb7 29. Nc4 Re4 30. Ne2 Be3 31. Nxe3 Rxe3 32. Nc3 Rhe8 33.
a4 f5 34. Kf2 f4 35. Rd4 g3+ 36. hxg3 fxg3+ 37. Kg1 Re1+ 38. Rxe1 Rxe1# 0-1

[Event "AUTO-ADV-4906"]
[Site "http://www.queenalice.com/game.php?id=1866360"]
[Date "2025.11.29"]
[Round "1"]
[White "askasl159"]
[Black "SGF"]
[Result "1-0"]
[WhiteElo "1815"]
[BlackElo "1784"]

1. e4 e5 2. f4 Qf6 3. Nf3 Qxf4 4. Nc3 c6 5. d4 Qg4 6. Be3 Bb4 7. Qd2 d6 8. a3
Bxc3 9. Qxc3 h5 10. h3 Qe6 11. dxe5 dxe5 12. Bc4 Qe7 13. Nxe5 b5 14. Bxf7+ Kf8
15. Bc5 Nd7 16. Bxe7+ Kxe7 17. Ng6+ Kxf7 18. Nxh8+ Ke7 19. Qxg7+ Kd6 20. O-O-O+
Kc7 21. e5 Kb6 22. e6 Ndf6 23. e7 Be6 24. Rd8 Nxe7 25. Rxa8 Nfd5 26. b4 c5 27.
Re1 Kb7 28. Qf8 Bf5 29. Qb8+ Kc6 30. bxc5 Kxc5 31. Qxa7+ Kd6 32. Nf7+ Kc6 33.
Rxe7 Nxe7 34. Qxe7 Kd5 35. Qe5+ Kc4 36. Nd6# 1-0

[Event "AUTO-OPEN-4611"]
[Site "http://www.queenalice.com/game.php?id=1866432"]
[Date "2025.12.1"]
[Round "2"]
[White "SGF"]
[Black "josebaron"]
[Result "0-1"]
[WhiteElo "1761"]
[BlackElo "2194"]

1. e4 e5 2. Qf3 Nf6 3. d3 Bc5 4. Be2 O-O 5. Qg3 d6 6. Bh6 Ne8 7. h4 Kh8 8. Bg5
f6 9. Be3 Bxe3 10. Qxe3 Nc6 11. c3 f5 12. exf5 Bxf5 13. g4 Be6 14. h5 Nf6 15. h6
g6 16. b4 Bxg4 17. Bxg4 Nxg4 18. Qe2 Nxf2 19. Rh2 Qg5 20. Nf3 Nxd3+ 21. Qxd3
Qg3+ 22. Ke2 e4 23. Qe3 exf3+ 24. Kd3 Qxh2 25. b5 Ne5+ 26. Kd4 Qh4+ 27. Kd5 Qc4#
0-1